[Event "DEM U10w 2019"]
[Site "Willingen GER"]
[Date "2019.06.09"]
[Round "1"]
[White "Krasikova, Milana"]
[Black "Wartenberg, Alissa"]
[Result "0-1"]
[Termination "normal"]
[Board "6"]
[WhiteElo "1023"]
[BlackElo "1291"]
[WhiteClock "00:47:42"]
[BlackClock "00:27:16"]
[PlyCount "128"]
[WhiteFideId "16287347"]
[BlackFideId "16280741"]
[EventCountry "GER"]
[EventRounds "11"]
[EventType "swiss"]
[EventDate "2019.06.08"]

1. e4 e5 2. Nf3 Nc6 3. Nc3 Nf6 4. Bb5 d6 5. d3 Bd7 6. Bg5 Be7 7. Qd2 O-O 8.
O-O-O h6 9. Bh4 Nxe4 10. Nxe4 Bxh4 11. Rhg1 d5 12. Nc5 Bf6 13. g4 a6 14. Ba4
Be7 15. Nxb7 Qc8 16. Na5 Bb4 17. c3 Bxa5 18. g5 g6 19. gxh6 Qd8 20. h4 Qf6 21.
Rg3 Qf4 22. Qxf4 exf4 23. Rgg1 Kh7 24. Ng5+ Kxh6 25. Nf3 Bb6 26. Rg2 Rg8 27.
Rh2 Bg4 28. Ng5 Nd8 29. Bb3 c6 30. c4 Rc8 31. Kb1 dxc4 32. Bxc4 Kg7 33. Kc2 Re8
34. f3 Bh5 35. Kc3 f6 36. Ne4 Bc7 37. Rh3 Ne6 38. b3 Be5+ 39. Kd2 Nd4 40. Bxa6
Nxf3+ 41. Kc2 Ra8 42. Nc5 Bd4 43. b4 Bxc5 44. bxc5 Rxa6 45. Rb1 Rxa2+ 46. Kb3
Rea8 47. Kc3 R2a3+ 48. Kc2 R8a5 49. Rb7+ Kh6 50. Kb2 Rxd3 51. Rh1 Rxc5 52. Ra1
Nd4 53. Rc1 Ra5 54. Rb4 f3 55. Rb7 f2 56. Rf7 Be2 57. Rxf6 f1=Q 58. Rfxf1 Bxf1
59. Rxf1 Rb3+ 60. Kc1 Ra1+ 61. Kd2 Rxf1 62. h5 Rf2+ 63. Ke1 Ra2 64. hxg6 Rb1#
0-1

[Event "DEM U10w 2019"]
[Site "Willingen GER"]
[Date "2019.06.09"]
[Round "1"]
[White "Moldovan, Tatiana"]
[Black "Le, Thao-Linh"]
[Result "0-1"]
[Termination "normal"]
[Board "7"]
[WhiteElo "1269"]
[BlackElo "1014"]
[PlyCount "140"]
[WhiteFideId "16287398"]
[BlackFideId "16279131"]
[EventCountry "GER"]
[EventRounds "11"]
[EventType "swiss"]
[EventDate "2019.06.08"]

1. e4 e5 2. Nf3 Nf6 3. Nxe5 d6 4. Nf3 Nxe4 5. d3 Nf6 6. Nc3 d5 7. Be2 Bd6 8. d4
O-O 9. Qd3 Re8 10. Be3 Nc6 11. O-O-O Bd7 12. h4 a5 13. Bg5 h6 14. Bxf6 Qxf6 15.
Nxd5 Qe6 16. Nc3 Nb4 17. Qc4 Bf4+ 18. Kb1 Qxc4 19. Bxc4 Bf5 20. Bd3 Bxd3 21.
cxd3 Re6 22. a3 Na6 23. Nd5 Bd6 24. g3 c6 25. Ne3 Rae8 26. Rhe1 c5 27. d5 R6e7
28. Nf5 Rxe1 29. Nxe1 Be5 30. Nf3 Bc7 31. d4 cxd4 32. Rxd4 Bb6 33. Rd2 Nc5 34.
d6 Rd8 35. Ne5 Ne4 36. Rd5 Bxf2 37. g4 Kf8 38. h5 Bc5 39. d7 Bxa3 40. Kc2 Bb4
41. Kd3 Nf2+ 42. Ke2 Ne4 43. Ke3 Nf6 44. Rd4 Bc5 45. Kd3 Bxd4 46. Kxd4 Nxd7 47.
Nxd7+ Rxd7+ 48. Ke5 b5 49. Nd6 49... a4 { laut beiden Partieformularen folgte
nun 50. Kc5} 50. Kd5 b4 51. Kc5 Rxd6 52. Kxb4 Ra6 53. b3 a3 54. Kb5 a2 55. Kxa6
a1=Q+ 56. Kb5 Qg1 57. g5 Qxg5+ 58. Kc4 Qxh5 59. b4 f5 60. b5 f4 61. b6 f3 62.
b7 Qf7+ 63. Kd3 Qxb7 64. Ke3 Kf7 65. Kf2 Qe4 66. Kg3 Qe2 67. Kh3 Qg2+ 68. Kh4
f2 69. Kh5 f1=R 70. Kh4 Rh1# 0-1

[Event "DEM U10w 2019"]
[Site "Willingen GER"]
[Date "2019.06.09"]
[Round "1"]
[White "Tran, Hanna Emilie Mai Hoa"]
[Black "Glotz, Diana"]
[Result "0-1"]
[Termination "normal"]
[Board "8"]
[WhiteElo "1010"]
[BlackElo "1244"]
[PlyCount "148"]
[WhiteFideId "16267869"]
[BlackFideId "16278500"]
[EventCountry "GER"]
[EventRounds "11"]
[EventType "swiss"]
[EventDate "2019.06.08"]

1. e4 e5 2. Nf3 Nc6 3. Nc3 Nf6 4. Bc4 Bc5 5. d3 h6 6. Nxe5 Nxe5 7. d4 Nxc4 8.
dxc5 Qe7 9. Qd4 Na5 10. Bf4 Nc6 11. Qc4 d6 12. cxd6 cxd6 13. O-O-O Be6 14. Qe2
Rd8 15. e5 dxe5 16. Rxd8+ Qxd8 17. Bxe5 Nxe5 18. Qxe5 O-O 19. Rd1 Qe7 20. Nd5
Nxd5 21. Rxd5 Qg5+ 22. Qxg5 hxg5 23. Rxg5 Bc4 24. h4 Re8 25. b3 Bb5 26. Rxb5
Re2 27. Rxb7 Rxf2 28. g4 Rf4 29. Rxa7 Rxg4 30. Ra8+ Kh7 31. c4 Rxh4 32. c5 Rh6
33. b4 g5 34. Rc8 g4 35. c6 g3 36. Re8 Rxc6+ 37. Kd2 g2 38. Re1 Rf6 39. Ke2 Rf4
40. b5 Rb4 41. Kf2 Rxb5 42. Kxg2 Rb2+ 43. Kf3 Rxa2 44. Rg1 Ra4 45. Rh1+ Kg6 46.
Rg1+ Kf5 47. Rc1 Ra3+ 48. Kg2 f6 49. Rc5+ Kg6 50. Rc6 Kg5 51. Kf2 f5 52. Rc5
Kg4 53. Rc4+ f4 54. Ke2 Kg3 55. Re4 Ra2+ 56. Kd3 f3 57. Re3 Ra3+ 58. Kd2 Rxe3
59. Kxe3 Kg2 60. Kd2 f2 61. Kd1 f1=Q+ 62. Kd2 Qf3 63. Kc2 Kg3 64. Kd2 Kf4 65.
Kc2 Ke4 66. Kb2 Kd4 67. Kc2 Qg3 68. Kb2 Kc4 69. Ka2 Kb4 70. Kb2 Qg2+ 71. Kc1
Kb3 72. Kd1 Kc3 73. Ke1 Kd3 74. Kd1 Qd2# 0-1

[Event "DEM U10w 2019"]
[Site "Willingen GER"]
[Date "2019.06.09"]
[Round "1"]
[White "Lichtenegger, Katharina"]
[Black "Schülke, Rosalie"]
[Result "1/2-1/2"]
[Termination "normal"]
[Board "9"]
[WhiteElo "1238"]
[BlackElo "995"]
[PlyCount "45"]
[WhiteFideId "16287355"]
[BlackFideId "16287436"]
[EventCountry "GER"]
[EventRounds "11"]
[EventType "swiss"]
[EventDate "2019.06.08"]

1. e4 e6 2. Nf3 d5 3. exd5 exd5 4. d4 c5 5. Nc3 a6 6. a4 Nf6 7. Bg5 Be6 8. Ne5
Qb6 9. Bxf6 gxf6 10. Nd3 c4 11. a5 Qc7 12. Nc1 Bb4 13. Be2 Bxa5 14. Bg4 Qb6 15.
O-O Nc6 16. Na4 Qxd4 17. Qxd4 Nxd4 18. Bxe6 fxe6 19. Nc5 Bb6 20. Na4 Ba5 21.
Nc5 Bb6 22. Na4 Ba5 23. Nc5 1/2-1/2

[Event "DEM U10w 2019"]
[Site "Willingen GER"]
[Date "2019.06.09"]
[Round "1"]
[White "Stepanjan, Tatevik Mia"]
[Black "Bauer, Laura Sophie"]
[Result "1-0"]
[Termination "normal"]
[Board "10"]
[WhiteElo "940"]
[BlackElo "1356"]
[PlyCount "121"]
[WhiteFideId "16246128"]
[BlackFideId "16253647"]
[EventCountry "GER"]
[EventRounds "11"]
[EventType "swiss"]
[EventDate "2019.06.08"]

1. e4 c5 2. Nf3 e6 3. Bc4 Nc6 4. Nc3 Be7 5. d3 b6 6. O-O Bb7 7. Bf4 d6 8. d4
Qc7 9. e5 d5 10. Bb3 c4 11. Ba4 O-O-O 12. b3 cxb3 13. axb3 a6 14. Bxc6 Qxc6 15.
Qb1 Qxc3 16. Re1 f6 17. Re3 Qc6 18. Qb2 Qd7 19. Qc3+ Qc7 20. exf6 Qxc3 21.
Rxc3+ Kd7 22. Rc7+ Ke8 23. fxg7 Bf6 24. gxh8=Q Bxh8 25. Rxb7 Rc8 26. Re1 Rxc2
27. Rxe6+ Kf8 28. h3 Rc8 29. Ng5 Nf6 30. Rf7+ Kg8 31. Be5 h6 32. Bxf6 hxg5 33.
Rd7 Bxf6 34. Rxf6 Re8 35. Rxd5 Kg7 36. Rxb6 Ra8 37. Rxg5+ Kf7 38. d5 Rd8 39.
Re5 Kf8 40. Rf6+ Kg7 41. Rxa6 Rd7 42. d6 Kf6 43. Rc5 Ke6 44. Rcc6 Rd8 45. Rc7
Rxd6 46. Rxd6+ Kxd6 47. Rc1 Ke5 48. b4 Kf5 49. b5 Ke5 50. b6 Kd5 51. b7 Kd4 52.
b8=Q Kd3 53. Qd8+ Ke4 54. Re1+ Kf4 55. Qf8+ Kg5 56. Re5+ Kg6 57. Qf5+ Kh6 58.
Re6+ Kg7 59. Rg6+ Kh7 60. Qf7+ Kh8 61. Rg8# 1-0

[Event "DEM U10w 2019"]
[Site "Willingen GER"]
[Date "2019.06.09"]
[Round "1"]
[White "Bangiev, Katharina"]
[Black "Richter, Johanna"]
[Result "1/2-1/2"]
[Termination "normal"]
[Board "11"]
[WhiteElo "1003"]
[BlackElo "936"]
[PlyCount "102"]
[WhiteFideId "16267230"]
[BlackFideId "16278925"]
[EventCountry "GER"]
[EventRounds "11"]
[EventType "swiss"]
[EventDate "2019.06.08"]

1. e4 d6 2. d4 Nf6 3. Nc3 g6 4. Nf3 Bg7 5. Be3 O-O 6. Qd2 Nc6 7. Bh6 Re8 8.
Bxg7 Kxg7 9. Bd3 e5 10. d5 Ne7 11. O-O Bg4 12. Qe3 Bd7 13. Ne2 Ng4 14. Qd2 Rh8
15. c4 Qg8 16. h3 Nf6 17. Rac1 Kf8 18. Qh6+ Ke8 19. c5 Qf8 20. Qxf8+ Kxf8 21.
cxd6 cxd6 22. Rc7 Rb8 23. Nc3 Kg7 24. Nb5 Bxb5 25. Bxb5 Nc8 26. Ng5 Rf8 27.
Ne6+ Kg8 28. Nxf8 Kxf8 29. Rfc1 Ne7 30. a4 Nxe4 31. R7c4 Nd2 32. Rh4 Kg7 33.
Rd1 Nb3 34. Rc4 Na5 35. Rc7 Kf8 36. Be2 Nb3 37. Bf3 Nd4 38. Rc3 a5 39. g3 b6
40. Bg2 Ne2+ 41. Kf1 Nxc3 42. bxc3 Rc8 43. Rb1 Rxc3 44. Rxb6 Rc1+ 45. Ke2 Rc2+
46. Ke3 Rc3+ 47. Kd2 Ra3 48. Rxd6 Rxa4 49. Rd8+ Kg7 50. d6 Rd4+ 51. Ke2 Nf5
1/2-1/2

[Event "DEM U10w 2019"]
[Site "Willingen GER"]
[Date "2019.06.09"]
[Round "1"]
[White "Kopylov, Diana"]
[Black "Bakó, Isabella"]
[Result "0-1"]
[Termination "normal"]
[Board "12"]
[WhiteElo "922"]
[BlackElo "1215"]
[PlyCount "58"]
[WhiteFideId "16268865"]
[BlackFideId "16287266"]
[EventCountry "GER"]
[EventRounds "11"]
[EventType "swiss"]
[EventDate "2019.06.08"]

1. e4 c5 2. Nf3 e6 3. d4 cxd4 4. Nxd4 Nc6 5. Nf3 Qc7 6. Bc4 a6 7. a4 Rb8 8. O-O
b5 9. axb5 axb5 10. Bb3 Nf6 11. Nc3 Na5 12. Ra3 b4 13. Ra4 bxc3 14. bxc3 Nxb3
15. cxb3 Qxc3 16. Ra3 Bxa3 17. Bxa3 Rxb3 18. Bd6 Nxe4 19. Be5 Qb4 20. Bxg7 Rg8
21. Bh6 Nc3 22. Qa1 Nd5 23. Ne5 f6 24. Qa8 Qb8 25. Qa2 fxe5 26. Re1 Qb6 27.
Rxe5 Rb1+ 28. Bc1 Rxc1+ 29. Re1 Rxe1# 0-1

[Event "DEM U10w 2019"]
[Site "Willingen GER"]
[Date "2019.06.09"]
[Round "1"]
[White "Moldovan, Stela"]
[Black "Neininger, Sarah"]
[Result "1-0"]
[Termination "normal"]
[Board "13"]
[WhiteElo "1193"]
[BlackElo "920"]
[PlyCount "97"]
[WhiteFideId "16287380"]
[BlackFideId "16287410"]
[EventCountry "GER"]
[EventRounds "11"]
[EventType "swiss"]
[EventDate "2019.06.08"]

1. e4 d5 2. exd5 Nf6 3. Bb5+ Bd7 4. Bc4 Bg4 5. f3 Bf5 6. Nc3 Nbd7 7. d3 Nb6 8.
Bf4 Qd7 9. Qd2 O-O-O 10. Bb5 c6 11. dxc6 bxc6 12. Ba6+ Qb7 13. Bxb7+ Kxb7 14.
O-O-O e6 15. a3 Bc5 16. Nge2 Rd7 17. d4 Rhd8 18. Qe3 Be7 19. h4 h5 20. Rd2 c5
21. Rhd1 c4 22. Qe5 Bd6 23. Qb5 Bxf4 24. Nxf4 a6 25. Qb4 Ka7 26. Qc5 Kb7 27. a4
Rc7 28. Qb4 a5 29. Qxa5 Nfd7 30. Qb4 Kc8 31. a5 Na8 32. Nfd5 exd5 33. Nxd5 Rb7
34. Qxc4+ Nc7 35. Nxc7 Rxc7 36. Qa6+ Rb7 37. Qc6+ Rc7 38. Qa8+ Nb8 39. a6 Kd7
40. Qd5+ Kc8 41. Qxf5+ Rdd7 42. Re2 Nxa6 43. Re8+ Kb7 44. Qb5+ Ka7 45. Qxh5 g6
46. Qb5 f6 47. Rf8 f5 48. Re1 Rxd4 49. Ree8 1-0

[Event "DEM U10w 2019"]
[Site "Willingen GER"]
[Date "2019.06.09"]
[Round "1"]
[White "Matthes, Aimee"]
[Black "Bakó, Evelin"]
[Result "0-1"]
[Termination "normal"]
[Board "14"]
[WhiteElo "918"]
[BlackElo "1152"]
[PlyCount "66"]
[WhiteFideId "16287371"]
[BlackFideId "16271823"]
[EventCountry "GER"]
[EventRounds "11"]
[EventType "swiss"]
[EventDate "2019.06.08"]

1. e4 c5 2. Na3 e6 3. Bc4 Nc6 4. Nf3 Qc7 5. Nb5 Qb8 6. O-O a6 7. Nc3 b5 8. Bd3
Bb7 9. e5 Nxe5 10. Nxe5 Qxe5 11. Re1 Qb8 12. Be4 Be7 13. Bxb7 Qxb7 14. d3 Nf6
15. Qd2 h5 16. h4 Ng4 17. Re4 d5 18. Rf4 g5 19. Rf3 gxh4 20. Qf4 Rf8 21. Qh6
Nxh6 22. Bxh6 Rg8 23. Rh3 b4 24. Na4 d4 25. Rh2 Bd6 26. f4 Rg6 27. Rf1 Rxh6 28.
Rf2 Ke7 29. Rxh4 Rg8 30. g4 Rxg4+ 31. Rxg4 hxg4 32. Kf1 g3 33. Re2 Qh1# 0-1

[Event "DEM U10w 2019"]
[Site "Willingen GER"]
[Date "2019.06.09"]
[Round "1"]
[White "Helber, Anna"]
[Black "Czäczine, Paula"]
[Result "0-1"]
[Termination "normal"]
[Board "16"]
[WhiteElo "896"]
[BlackElo "1170"]
[PlyCount "144"]
[WhiteFideId "16287290"]
[BlackFideId "16249305"]
[EventCountry "GER"]
[EventRounds "11"]
[EventType "swiss"]
[EventDate "2019.06.08"]

1. e4 e5 2. Nf3 Nc6 3. Bc4 Nf6 4. Nc3 Nxe4 5. Nxe4 d5 6. Bd3 dxe4 7. Bxe4 Bc5
8. O-O f5 9. Qe1 fxe4 10. Qxe4 Qe7 11. d3 Bd7 12. Bd2 O-O-O 13. Bg5 Qe6 14.
Bxd8 Kxd8 15. Ng5 Qe7 16. Nxh7 g6 17. Qxg6 Qxh7 18. Qxh7 Rxh7 19. Rfe1 Rf7 20.
Rf1 Bg4 21. Rae1 Bd4 22. Re4 Bh5 23. c3 Bb6 24. a3 Bg6 25. Rh4 Bxd3 26. Rd1
Bxf2+ 27. Kh1 Bxh4 28. g3 Bg5 29. Rxd3+ Rd7 30. Rf3 e4 31. Rf8+ Ke7 32. Rf1 e3
33. Re1 Rd2 34. Kg1 Rxb2 35. h4 Bh6 36. g4 Ne5 37. Kf1 Nf3 38. g5 Nxe1 39. gxh6
Rh2 40. Kxe1 Rxh4 41. Ke2 Rxh6 42. Kxe3 Rd6 43. c4 c5 44. Ke4 Kd7 45. a4 b5 46.
cxb5 c4 47. a5 c3 48. b6 axb6 49. a6 Kc6 50. a7 Rd8 51. a8=Q+ Rxa8 52. Kd3 Ra3
53. Kc2 b5 54. Kc1 Ra2 55. Kb1 Rh2 56. Kc1 b4 57. Kb1 b3 58. Ka1 b2+ 59. Kb1
c2+ 60. Kxb2 Kb5 61. Kc1 Rh1+ 62. Kxc2 Rh3 63. Kd2 Kc4 64. Ke2 Kd4 65. Kd1 Rh2
66. Ke1 Kd3 67. Kf1 Ke3 68. Kg1 Ra2 69. Kh1 Kf3 70. Kg1 Rb2 71. Kh1 Kg3 72. Kg1
Rb1# 0-1

[Event "DEM U10w 2019"]
[Site "Willingen GER"]
[Date "2019.06.09"]
[Round "1"]
[White "Heutling, Sarah"]
[Black "Struebel, Katharina"]
[Result "1-0"]
[Termination "normal"]
[Board "17"]
[WhiteElo "1147"]
[BlackElo "852"]
[PlyCount "97"]
[WhiteFideId "16287304"]
[BlackFideId "16284879"]
[EventCountry "GER"]
[EventRounds "11"]
[EventType "swiss"]
[EventDate "2019.06.08"]

1. e4 e5 2. Nf3 Nc6 3. Bc4 Bc5 4. c3 Nf6 5. d4 exd4 6. cxd4 Bb4+ 7. Bd2 Bxd2+
8. Nbxd2 d5 9. e5 dxc4 10. exf6 Qxf6 11. Nxc4 Bg4 12. h3 Bh5 13. O-O Nxd4 14.
Qxd4 Bxf3 15. Qxf6 gxf6 16. gxf3 O-O-O 17. Rad1 Rhg8+ 18. Kh1 Rdf8 19. Rfe1 Rg6
20. Re3 Rfg8 21. Rde1 R8g7 22. Re8+ Kd7 23. Na5 Rh6 24. R1e7+ Kd6 25. Nxb7+ Kc6
26. Nd8+ Kb5 27. Kh2 Rg5 28. Nxf7 Rgg6 29. Nxh6 Rxh6 30. Rxc7 Kb6 31. Rc3 a5
32. Rb8+ Ka7 33. Rbb3 a4 34. Rb4 f5 35. Rxa4+ Kb7 36. Rb4+ Ka7 37. Ra3+ Ra6 38.
Rxa6+ Kxa6 39. Kg1 Ka5 40. Rb3 h5 41. Kf1 f4 42. Ke2 h4 43. Kd3 Ka4 44. Kd4 Ka5
45. Kc4 Ka6 46. Kc5 Ka7 47. Kc6 Ka8 48. Kc7 Ka7 49. Ra3# 1-0

[Event "DEM U10w 2019"]
[Site "Willingen GER"]
[Date "2019.06.09"]
[Round "1"]
[White "Janssen, Julika"]
[Black "Halas, Neele Zoe"]
[Result "0-1"]
[Termination "normal"]
[Board "18"]
[WhiteElo "839"]
[BlackElo "1109"]
[PlyCount "112"]
[WhiteFideId "16287339"]
[BlackFideId "16287282"]
[EventCountry "GER"]
[EventRounds "11"]
[EventType "swiss"]
[EventDate "2019.06.08"]

1. e4 e5 2. Nf3 Nc6 3. Bc4 Bc5 4. Nc3 Nf6 5. d3 d6 6. h3 Be6 7. Bb3 Qd7 8. Ng5
O-O-O 9. Bd2 h6 10. Nxe6 fxe6 11. Qe2 Nd4 12. Qf1 Nxb3 13. axb3 Rhf8 14. b4 Bb6
15. Na4 Kb8 16. Nxb6 cxb6 17. Be3 d5 18. Qe2 dxe4 19. O-O exd3 20. cxd3 Qxd3
21. Qxd3 Rxd3 22. Rfe1 Rfd8 23. Rac1 Rb3 24. Red1 Rxd1+ 25. Rxd1 Rxb2 26. Rd8+
Kc7 27. Rd2 Rxb4 28. Rc2+ Kb8 29. Bd2 Rb1+ 30. Kh2 Ne4 31. Be3 a6 32. f4 Rb3
33. Re2 Nc3 34. Rd2 Nd5 35. Bf2 Nxf4 36. Bg3 Rd3 37. Rxd3 Nxd3 38. h4 g5 39.
hxg5 hxg5 40. Kh3 Nf4+ 41. Bxf4 gxf4 42. g4 fxg3 43. Kxg3 a5 44. Kg4 a4 45. Kg5
a3 46. Kf6 a2 47. Kxe6 a1=Q 48. Kf6 e4+ 49. Kf5 e3 50. Kf4 e2 51. Kf3 e1=R 52.
Kf4 Qa2 53. Kf3 Qe2+ 54. Kf4 Qf2+ 55. Kg4 Rg1+ 56. Kh3 Qg3# 0-1

[Event "DEM U10w 2019"]
[Site "Willingen GER"]
[Date "2019.06.09"]
[Round "1"]
[White "Haug, Mara"]
[Black "Engeln, Helene"]
[Result "1-0"]
[Termination "normal"]
[Board "19"]
[WhiteElo "1097"]
[BlackElo "825"]
[PlyCount "31"]
[WhiteFideId "16259300"]
[BlackFideId "16287274"]
[EventCountry "GER"]
[EventRounds "11"]
[EventType "swiss"]
[EventDate "2019.06.08"]

1. e4 e5 2. Nf3 Nc6 3. Bc4 Bc5 4. O-O d6 5. h3 Nf6 6. Nc3 Be6 7. Bb3 Nd7 8. d3
Qf6 9. Bg5 Qg6 10. Qd2 Nd4 11. Nh4 Qh5 12. Bxe6 Qxh4 13. Bxh4 fxe6 14. Qg5 Nf6
15. Qxg7 O-O-O 16. Qxf6 1-0

[Event "DEM U10w 2019"]
[Site "Willingen GER"]
[Date "2019.06.09"]
[Round "1"]
[White "Vöcking, Julia"]
[Black "Orlova, Anna-Daria"]
[Result "1-0"]
[Termination "normal"]
[Board "20"]
[WhiteElo "812"]
[BlackElo "1095"]
[PlyCount "99"]
[WhiteFideId "16287444"]
[BlackFideId "16275381"]
[EventCountry "GER"]
[EventRounds "11"]
[EventType "swiss"]
[EventDate "2019.06.08"]

1. e4 e5 2. Nf3 Nc6 3. d4 d6 4. d5 Nce7 5. Nc3 Nf6 6. Bc4 c6 7. Bg5 Ng6 8. Qd2
h6 9. Be3 b5 10. Bb3 Bb7 11. O-O-O Nd7 12. dxc6 Bxc6 13. Bd5 Ne7 14. Bxc6 Nxc6
15. Nxb5 Qb8 16. Nxd6+ Bxd6 17. Qxd6 Qxd6 18. Rxd6 Rc8 19. Rhd1 Ndb8 20. R1d5
O-O 21. Nxe5 Nb4 22. Bc5 Nxa2+ 23. Kb1 f6 24. Nd7 Rfe8 25. f3 Nxd7 26. Rxd7
Rxc5 27. Rxc5 Nb4 28. Rcc7 Re5 29. Rxg7+ Kf8 30. Rh7 Kg8 31. Rxh6 Re6 32. Rhh7
Rd6 33. Rcd7 Rxd7 34. Rxd7 a5 35. e5 fxe5 36. g4 Nc6 37. Rd6 Ne7 38. h4 a4 39.
h5 a3 40. bxa3 Kf7 41. h6 e4 42. h7 Ng8 43. h8=Q exf3 44. Qh7+ Ke8 45. Qxg8+
Ke7 46. Qe6+ Kf8 47. Rd7 f2 48. Qf6+ Kg8 49. Qxf2 Kh8 50. Qf8# 1-0

[Event "DEM U10w 2019"]
[Site "Willingen GER"]
[Date "2019.06.09"]
[Round "1"]
[White "Wehling, Ida"]
[Black "Marrufo, Emilia"]
[Result "1-0"]
[Termination "normal"]
[Board "21"]
[WhiteElo "1093"]
[BlackElo "753"]
[PlyCount "45"]
[WhiteFideId "16287452"]
[BlackFideId "16287363"]
[EventCountry "GER"]
[EventRounds "11"]
[EventType "swiss"]
[EventDate "2019.06.08"]

1. e4 d5 2. exd5 Qxd5 3. Nc3 Qd8 4. d4 Bf5 5. Nf3 Bg4 6. h3 Bh5 7. Bc4 e6 8. a3
Nf6 9. Bf4 c6 10. Qd3 Nbd7 11. O-O Be7 12. Rfe1 O-O 13. Rad1 Nd5 14. Bd2 Nxc3
15. Bxc3 Bxf3 16. Qxf3 Bh4 17. Qg4 Nf6 18. Qxh4 e5 19. dxe5 Qe7 20. exf6 gxf6
21. Rxe7 Rfe8 22. Qxf6 Kf8 23. Qxf7# 1-0